000 00254nam a2200109Ia 4500
008 240625s9999 xx 000 0 und d
041 _aeng
082 _a332.6457 FLA
100 _aFLAVELL RICHARD
245 _aSWAPS AND OTHER DERIVATIVES
260 _c2010
999 _c34781
_d34781